=LDR 00000nam 2200000 4500 =001 INLIS000000000051639 =005 20240703081037 =035 ##$$a 0010-1017000078 =007 ta =008 240703################g##########0#ind## =020 ##$$a 978-602-6103-64-2 =082 ##$$a R.306.03 =084 ##$$a R.306.03 DAR e =100 #$$a Darun wijayanti =245 1#$$a Ensikplopedia kebudayaan indonesia /$c Darun Wijayanti =260 ##$$a Yogyakarta :$b Indoliterasi,$c 2017 =300 ##$$a iv, 419 hlm : $b ilus. ; $c 28 x 19 cm =650 #4$$a Kebudayaan - Ensiklopedia =250 ##$$a cet. 1 =990 ##$$a 21704615 =990 ##$$a 21704614 =990 ##$$a 21704613 =990 ##$$a 21704612 =990 ##$$a 21704611 =990 ##$$a 21704611 =990 ##$$a 21704615 =990 ##$$a 21704614 =990 ##$$a 21704613 =990 ##$$a 21704612 =990 ##$$a 21704613 =990 ##$$a 21704615 =990 ##$$a 21704614 =990 ##$$a 21704612 =990 ##$$a 21704611 =990 ##$$a 21704614 =990 ##$$a 21704615 =990 ##$$a 21704613 =990 ##$$a 21704612 =990 ##$$a 21704611 =990 ##$$a 21704615 =990 ##$$a 21704614 =990 ##$$a 21704613 =990 ##$$a 21704612 =990 ##$$a 21704611 =990 ##$$a 21704612 =990 ##$$a 21704615 =990 ##$$a 21704614 =990 ##$$a 21704613 =990 ##$$a 21704611